[Event "DEM U10 2021"]
[Site "Willingen GER"]
[Date "2021.08.27"]
[Round "8"]
[White "Chua, Daniel James"]
[Black "Bundan, Edward"]
[Result "1/2-1/2"]
[Termination "normal"]
[Board "3"]
[WhiteElo "1434"]
[BlackElo "1236"]
[WhiteClock "01:01:39"]
[BlackClock "00:22:39"]
[PlyCount "122"]
[WhiteFideId "34608354"]
[BlackFideId "34603042"]
[EventCountry "GER"]
[EventRounds "11"]
[EventType "swiss"]
[EventDate "2021.08.22"]

1. e4 {[%clk 01:15:58]} c5 {[%clk 01:15:48]} {[%emt 00:00:13]} 2. d4 {[%clk
01:16:24]} {[%emt 00:00:04]} cxd4 {[%clk 01:15:59]} {[%emt 00:00:18]} 3. c3
{[%clk 01:16:41]} {[%emt 00:00:13]} d3 {[%clk 01:15:58]} {[%emt 00:00:31]} 4.
Bxd3 {[%clk 01:17:05]} {[%emt 00:00:06]} g6 {[%clk 01:15:35]} {[%emt 00:00:54]}
5. Nf3 {[%clk 01:17:25]} {[%emt 00:00:09]} Bg7 {[%clk 01:15:42]} {[%emt
00:00:23]} 6. c4 {[%clk 01:17:05]} {[%emt 00:00:50]} d6 {[%clk 01:15:27]}
{[%emt 00:00:44]} 7. Nc3 {[%clk 01:17:27]} {[%emt 00:00:07]} Nf6 {[%clk
01:15:38]} {[%emt 00:00:21]} 8. O-O {[%clk 01:17:25]} {[%emt 00:00:31]} O-O
{[%clk 01:15:34]} {[%emt 00:00:35]} 9. Bf4 {[%clk 01:17:11]} {[%emt 00:00:45]}
Nc6 {[%clk 01:15:33]} {[%emt 00:00:31]} 10. h3 {[%clk 01:17:11]} {[%emt
00:00:28]} Bd7 {[%clk 01:15:18]} {[%emt 00:00:45]} 11. Qe2 {[%clk 01:15:34]}
{[%emt 00:01:39]} Rc8 {[%clk 01:13:17]} {[%emt 00:03:00]} 12. Rfd1 {[%clk
01:13:44]} {[%emt 00:02:21]} a6 {[%clk 01:11:47]} {[%emt 00:02:00]} 13. e5
{[%clk 01:12:53]} {[%emt 00:01:21]} dxe5 {[%clk 01:10:14]} {[%emt 00:02:02]}
14. Nxe5 {[%clk 01:13:11]} {[%emt 00:00:11]} Nxe5 {[%clk 01:09:50]} {[%emt
00:00:55]} 15. Bxe5 {[%clk 01:12:54]} {[%emt 00:00:48]} Qe8 {[%clk 01:07:53]}
{[%emt 00:02:26]} 16. Rac1 {[%clk 01:12:33]} {[%emt 00:00:53]} Be6 {[%clk
01:05:38]} {[%emt 00:02:45]} 17. Ne4 {[%clk 01:12:31]} {[%emt 00:00:31]} Nxe4
{[%clk 01:05:16]} {[%emt 00:00:51]} 18. Bxg7 {[%clk 01:12:03]} {[%emt
00:01:00]} Kxg7 {[%clk 01:05:01]} {[%emt 00:00:44]} 19. Qxe4 {[%clk 01:11:39]}
{[%emt 00:00:55]} Rb8 {[%clk 01:03:09]} {[%emt 00:02:16]} 20. Rc3 {[%clk
01:08:58]} {[%emt 00:03:17]} Qa4 {[%clk 01:01:32]} {[%emt 00:02:07]} 21. Ra1
{[%clk 01:05:51]} {[%emt 00:03:37]} Rfd8 {[%clk 01:00:44]} {[%emt 00:01:17]}
22. Bc2 {[%clk 01:04:57]} {[%emt 00:01:26]} Qb4 {[%emt 00:03:38]} 23. Rb1
{[%clk 01:04:17]} {[%emt 00:00:35]} Qc5 {[%clk 00:53:14]} {[%emt 00:05:26]} 24.
b4 {[%clk 01:02:08]} {[%emt 00:02:40]} Qb6 {[%clk 00:51:07]} {[%emt 00:02:31]}
25. Rd3 {[%emt 00:02:44]} Rxd3 {[%clk 00:48:19]} {[%emt 00:00:55]} 26. Qxd3
{[%clk 01:02:37]} {[%emt 00:00:16]} Rd8 {[%clk 00:47:50]} {[%emt 00:00:53]} 27.
Qe2 {[%clk 01:02:20]} {[%emt 00:00:52]} Qc6 {[%clk 00:46:23]} {[%emt 00:01:52]}
28. Bb3 {[%clk 01:02:08]} {[%emt 00:00:46]} Kg8 {[%clk 00:40:12]} {[%emt
00:06:35]} 29. b5 {[%clk 01:01:06]} {[%emt 00:01:40]} Qc5 {[%clk 00:37:07]}
{[%emt 00:03:31]} 30. bxa6 {[%clk 00:58:48]} {[%emt 00:02:52]} bxa6 {[%clk
00:37:13]} {[%emt 00:00:22]} 31. Rc1 {[%clk 00:57:19]} {[%emt 00:01:58]} a5
{[%clk 00:32:32]} {[%emt 00:05:12]} 32. Rc3 {[%clk 00:56:34]} {[%emt 00:01:14]}
Qb4 {[%clk 00:30:25]} {[%emt 00:02:39]} 33. Rd3 {[%clk 00:56:18]} {[%emt
00:00:47]} Rxd3 {[%clk 00:28:08]} {[%emt 00:02:47]} 34. Qxd3 {[%clk 00:56:39]}
{[%emt 00:00:08]} a4 {[%clk 00:27:39]} {[%emt 00:00:58]} 35. Qd8+ {[%clk
00:55:42]} {[%emt 00:01:29]} Kg7 {[%clk 00:27:39]} {[%emt 00:00:30]} 36. Qd4+
{[%clk 00:55:59]} {[%emt 00:00:14]} f6 {[%clk 00:27:16]} {[%emt 00:00:51]} 37.
Bc2 {[%clk 00:55:24]} {[%emt 00:01:05]} Qxc4 {[%clk 00:24:08]} {[%emt
00:03:39]} 38. Qxc4 {[%clk 00:52:42]} {[%emt 00:03:13]} Bxc4 {[%clk 00:24:10]}
{[%emt 00:00:27]} 39. Bxa4 {[%clk 00:52:49]} {[%emt 00:00:22]} Bxa2 {[%clk
00:24:26]} {[%emt 00:00:14]} 40. f4 {[%clk 00:53:12]} {[%emt 00:00:07]} Kf7
{[%clk 00:24:22]} {[%emt 00:00:33]} 41. Kf2 {[%clk 00:53:35]} {[%emt 00:00:06]}
Bd5 {[%clk 00:23:47]} {[%emt 00:01:07]} 42. g3 {[%clk 00:53:58]} {[%emt
00:00:07]} g5 {[%clk 00:23:13]} {[%emt 00:01:03]} 43. fxg5 {[%clk 00:54:14]}
{[%emt 00:00:15]} fxg5 {[%clk 00:23:29]} {[%emt 00:00:13]} 44. h4 {[%clk
00:54:42]} {[%emt 00:00:04]} gxh4 {[%clk 00:23:09]} {[%emt 00:00:48]} 45. gxh4
{[%clk 00:55:10]} {[%emt 00:00:02]} Kg6 {[%clk 00:22:51]} {[%emt 00:00:48]} 46.
Bc2+ {[%clk 00:55:28]} {[%emt 00:00:12]} Kg7 {[%clk 00:22:41]} {[%emt
00:00:39]} 47. Ke3 {[%clk 00:55:46]} {[%emt 00:00:12]} h6 {[%clk 00:22:46]}
{[%emt 00:00:25]} 48. Kd4 {[%clk 00:56:09]} {[%emt 00:00:08]} e6 {[%clk
00:22:38]} {[%emt 00:00:37]} 49. Ke5 {[%clk 00:56:30]} {[%emt 00:00:09]} Bc4
{[%clk 00:22:12]} {[%emt 00:00:56]} 50. Be4 {[%clk 00:56:43]} {[%emt 00:00:16]}
Bd5 {[%clk 00:21:07]} {[%emt 00:01:35]} 51. Bxd5 {[%clk 00:57:04]} {[%emt
00:00:11]} exd5 {[%clk 00:21:19]} {[%emt 00:00:17]} 52. Kxd5 {[%clk 00:57:33]}
{[%emt 00:00:02]} Kg6 {[%clk 00:21:35]} {[%emt 00:00:14]} 53. Ke4 {[%clk
00:57:58]} {[%emt 00:00:04]} Kh5 {[%clk 00:21:52]} {[%emt 00:00:13]} 54. Kf3
{[%clk 00:58:27]} {[%emt 00:00:01]} Kxh4 {[%clk 00:22:06]} {[%emt 00:00:17]}
55. Kg2 {[%clk 00:58:55]} {[%emt 00:00:02]} Kg4 {[%clk 00:22:10]} {[%emt
00:00:26]} 56. Kh2 {[%clk 00:59:22]} {[%emt 00:00:04]} h5 {[%clk 00:22:12]}
{[%emt 00:00:26]} 57. Kh1 {[%clk 00:59:48]} {[%emt 00:00:05]} Kg3 {[%clk
00:22:13]} {[%emt 00:00:29]} 58. Kg1 {[%clk 01:00:15]} {[%emt 00:00:03]} h4
{[%clk 00:22:30]} {[%emt 00:00:12]} 59. Kh1 {[%clk 01:00:44]} {[%emt 00:00:02]}
h3 {[%clk 00:22:34]} {[%emt 00:00:26]} 60. Kg1 {[%clk 01:01:12]} {[%emt
00:00:01]} h2+ {[%clk 00:22:39]} {[%emt 00:00:24]} 61. Kh1 {[%clk 01:01:39]}
{[%emt 00:00:05]} Kh3 {[%emt 00:00:21]} 1/2-1/2

[Event "DEM U10 2021"]
[Site "Willingen GER"]
[Date "2021.08.27"]
[Round "8"]
[White "Mandalka, Justus"]
[Black "Sydykov, Bayastan"]
[Result "0-1"]
[Termination "normal"]
[Board "4"]
[WhiteElo "1440"]
[BlackElo "1209"]
[WhiteClock "00:16:44"]
[BlackClock "00:31:06"]
[PlyCount "70"]
[WhiteFideId "16298144"]
[BlackFideId "13829610"]
[EventCountry "GER"]
[EventRounds "11"]
[EventType "swiss"]
[EventDate "2021.08.22"]

1. e4 {[%clk 01:15:58]} {[%emt 00:00:02]} e6 {[%clk 01:15:45]} {[%emt
00:00:15]} 2. d4 {[%clk 01:16:18]} {[%emt 00:00:10]} d5 {[%clk 01:15:56]}
{[%emt 00:00:19]} 3. exd5 {[%clk 01:16:40]} {[%emt 00:00:08]} exd5 {[%clk
01:16:03]} {[%emt 00:00:22]} 4. Bd3 {[%clk 01:17:02]} {[%emt 00:00:09]} Nf6
{[%clk 01:16:17]} {[%emt 00:00:15]} 5. Bf4 {[%clk 01:16:29]} {[%emt 00:01:04]}
Bd6 {[%clk 01:16:01]} {[%emt 00:00:46]} 6. Bxd6 {[%clk 01:14:48]} {[%emt
00:02:10]} Qxd6 {[%clk 01:15:36]} {[%emt 00:00:55]} 7. Ne2 {[%clk 01:14:13]}
{[%emt 00:01:05]} O-O {[%clk 01:15:30]} {[%emt 00:00:37]} 8. Nd2 {[%clk
01:12:43]} {[%emt 00:01:59]} Re8 {[%clk 01:14:15]} {[%emt 00:01:45]} 9. h3
{[%clk 01:11:44]} {[%emt 00:01:30]} Nc6 {[%clk 01:12:57]} {[%emt 00:01:49]} 10.
c3 {[%clk 01:10:56]} {[%emt 00:01:17]} Bd7 {[%clk 01:12:41]} {[%emt 00:00:46]}
11. Qc2 {[%clk 01:08:04]} {[%emt 00:03:22]} Re7 {[%clk 01:11:48]} {[%emt
00:01:21]} 12. O-O {[%clk 01:07:51]} {[%emt 00:00:44]} Rae8 {[%clk 01:11:51]}
{[%emt 00:00:26]} 13. Rfe1 {[%clk 01:02:10]} {[%emt 00:06:13]} h6 {[%clk
01:10:17]} {[%emt 00:02:05]} 14. Nf1 {[%clk 00:58:44]} {[%emt 00:03:55]} Nh5
{[%clk 00:59:07]} {[%emt 00:11:40]} 15. Ne3 {[%clk 00:53:30]} {[%emt 00:05:44]}
Nf4 {[%clk 00:55:16]} {[%emt 00:04:20]} 16. Nxf4 {[%clk 00:53:23]} {[%emt
00:00:38]} Qxf4 {[%clk 00:55:27]} {[%emt 00:00:17]} 17. Re2 {[%clk 00:51:45]}
{[%emt 00:02:10]} Qg5 {[%clk 00:53:20]} {[%emt 00:02:36]} 18. Kh2 {[%clk
00:50:05]} {[%emt 00:02:10]} Nd8 {[%clk 00:47:32]} {[%emt 00:06:17]} 19. Rae1
{[%clk 00:48:22]} {[%emt 00:02:14]} c6 {[%clk 00:47:06]} {[%emt 00:00:56]} 20.
b3 {[%clk 00:45:15]} {[%emt 00:03:39]} g6 {[%clk 00:44:48]} {[%emt 00:02:47]}
21. Rd2 {[%clk 00:41:21]} {[%emt 00:04:24]} Ne6 {[%clk 00:44:07]} {[%emt
00:01:11]} 22. g3 {[%clk 00:40:00]} {[%emt 00:01:51]} Qh5 {[%clk 00:39:07]}
{[%emt 00:05:29]} 23. Be2 {[%clk 00:29:40]} {[%emt 00:10:51]} Qg5 {[%clk
00:38:15]} {[%emt 00:01:22]} 24. Ng4 {[%clk 00:24:41]} {[%emt 00:05:29]} Kg7
{[%clk 00:34:28]} {[%emt 00:04:16]} 25. Rf1 {[%clk 00:19:54]} {[%emt 00:05:19]}
h5 {[%clk 00:32:57]} {[%emt 00:02:00]} 26. h4 {[%clk 00:18:18]} {[%emt
00:02:07]} Qf5 {[%clk 00:31:48]} {[%emt 00:01:36]} 27. Bd3 {[%clk 00:17:12]}
{[%emt 00:01:38]} Qxg4 {[%clk 00:31:24]} {[%emt 00:00:53]} 28. f3 {[%clk
00:17:36]} {[%emt 00:00:08]} Nxd4 {[%clk 00:31:34]} {[%emt 00:00:19]} 29. Qd1
{[%clk 00:17:16]} {[%emt 00:00:49]} Qh3+ {[%clk 00:31:49]} {[%emt 00:00:16]}
30. Kg1 {[%clk 00:17:41]} {[%emt 00:00:04]} Nf5 {[%clk 00:31:37]} {[%emt
00:00:40]} 31. Bxf5 {[%clk 00:17:45]} {[%emt 00:00:29]} Bxf5 {[%clk 00:31:25]}
{[%emt 00:00:42]} 32. Rg2 {[%clk 00:17:50]} {[%emt 00:00:24]} Bc8 {[%clk
00:31:16]} {[%emt 00:00:41]} 33. Qd4+ {[%clk 00:16:55]} {[%emt 00:01:24]} f6
{[%clk 00:30:54]} {[%emt 00:00:52]} 34. g4 {[%clk 00:16:21]} {[%emt 00:01:04]}
hxg4 {[%clk 00:30:55]} {[%emt 00:00:29]} 35. fxg4 {[%clk 00:16:44]} {[%emt
00:00:06]} Qe3+ {[%clk 00:31:06]} {[%emt 00:00:19]} 0-1

[Event "DEM U10 2021"]
[Site "Willingen GER"]
[Date "2021.08.27"]
[Round "8"]
[White "Nemitz, Alfred"]
[Black "Fadeev, Justin Michael"]
[Result "0-1"]
[Termination "normal"]
[Board "5"]
[WhiteElo "1280"]
[BlackElo "1323"]
[WhiteClock "00:01:03"]
[BlackClock "00:32:15"]
[PlyCount "72"]
[WhiteFideId "34601791"]
[BlackFideId "34602968"]
[EventCountry "GER"]
[EventRounds "11"]
[EventType "swiss"]
[EventDate "2021.08.22"]

1. d4 {[%clk 01:15:57]} {[%emt 00:00:03]} d5 {[%clk 01:15:49]} {[%emt
00:00:12]} 2. c4 {[%clk 01:16:20]} {[%emt 00:00:06]} e6 {[%clk 01:15:39]}
{[%emt 00:00:40]} 3. Nc3 {[%clk 01:16:28]} {[%emt 00:00:22]} c6 {[%clk
01:15:49]} {[%emt 00:00:19]} 4. cxd5 {[%clk 01:16:45]} {[%emt 00:00:12]} exd5
{[%clk 01:16:16]} {[%emt 00:00:04]} 5. Qc2 {[%clk 01:17:07]} {[%emt 00:00:09]}
Nf6 {[%clk 01:16:03]} {[%emt 00:00:43]} 6. Bg5 {[%clk 01:17:02]} {[%emt
00:00:35]} g6 {[%clk 01:15:58]} {[%emt 00:00:34]} 7. e4 {[%clk 01:11:43]}
{[%emt 00:05:49]} dxe4 {[%clk 01:11:43]} {[%emt 00:04:46]} 8. Nxe4 {[%clk
01:10:28]} {[%emt 00:01:44]} Be7 {[%clk 01:10:28]} {[%emt 00:01:46]} 9. Bxf6
{[%clk 01:07:06]} {[%emt 00:03:50]} Bxf6 {[%clk 01:10:37]} {[%emt 00:00:23]}
10. Nxf6+ {[%clk 01:04:07]} {[%emt 00:03:28]} Qxf6 {[%clk 01:10:49]} {[%emt
00:00:19]} 11. Nf3 {[%clk 01:03:44]} {[%emt 00:00:53]} O-O {[%clk 01:08:30]}
{[%emt 00:02:49]} 12. Be2 {[%clk 01:01:11]} {[%emt 00:03:00]} Bf5 {[%clk
01:06:30]} {[%emt 00:02:33]} 13. Qb3 {[%clk 01:01:27]} {[%emt 00:00:14]} Nd7
{[%clk 00:57:09]} {[%emt 00:09:52]} 14. O-O {[%clk 01:01:16]} {[%emt 00:00:40]}
Be4 {[%clk 00:56:34]} {[%emt 00:01:06]} 15. Nd2 {[%clk 00:56:40]} {[%emt
00:05:06]} Bxg2 {[%clk 00:53:30]} {[%emt 00:03:34]} 16. Kxg2 {[%clk 00:54:15]}
{[%emt 00:02:55]} Qg5+ {[%clk 00:53:49]} {[%emt 00:00:11]} 17. Kh1 {[%clk
00:53:30]} {[%emt 00:01:14]} Qxd2 {[%clk 00:53:37]} {[%emt 00:00:44]} 18. Rfe1
{[%clk 00:53:11]} {[%emt 00:00:47]} Nb6 {[%clk 00:50:00]} {[%emt 00:04:08]} 19.
Rad1 {[%clk 00:52:52]} {[%emt 00:00:48]} Qf4 {[%clk 00:49:02]} {[%emt
00:01:27]} 20. Bf3 {[%clk 00:52:08]} {[%emt 00:01:13]} Rfe8 {[%clk 00:48:30]}
{[%emt 00:01:05]} 21. Rg1 {[%clk 00:50:26]} {[%emt 00:02:03]} Kh8 {[%clk
00:46:48]} {[%emt 00:02:20]} 22. Rg4 {[%clk 00:49:38]} {[%emt 00:01:18]} Qf6
{[%clk 00:46:33]} {[%emt 00:00:45]} 23. Rg3 {[%clk 00:38:51]} {[%emt 00:11:14]}
Re7 {[%clk 00:43:45]} {[%emt 00:03:23]} 24. a4 {[%clk 00:15:02]} {[%emt
00:24:19]} Rae8 {[%clk 00:40:52]} {[%emt 00:03:21]} 25. a5 {[%clk 00:12:20]}
{[%emt 00:03:14]} Nd5 {[%clk 00:38:54]} {[%emt 00:02:27]} 26. a6 {[%clk
00:05:51]} {[%emt 00:07:00]} Re1+ {[%clk 00:36:54]} {[%emt 00:02:30]} 27. Rxe1
{[%clk 00:05:52]} {[%emt 00:00:28]} Rxe1+ {[%clk 00:37:18]} {[%emt 00:00:07]}
28. Rg1 {[%clk 00:06:21]} {[%emt 00:00:01]} Rxg1+ {[%clk 00:36:42]} {[%emt
00:01:05]} 29. Kxg1 {[%clk 00:06:46]} {[%emt 00:00:05]} Qg5+ {[%clk 00:36:21]}
{[%emt 00:00:51]} 30. Kf1 {[%clk 00:06:15]} {[%emt 00:01:01]} b6 {[%clk
00:34:37]} {[%emt 00:02:15]} 31. Bxd5 {[%clk 00:04:41]} {[%emt 00:02:04]} Qxd5
{[%clk 00:34:16]} {[%emt 00:00:51]} 32. Qa3 {[%clk 00:01:15]} {[%emt 00:03:56]}
Qh1+ {[%clk 00:32:57]} {[%emt 00:01:48]} 33. Ke2 {[%clk 00:01:32]} {[%emt
00:00:14]} Qe4+ {[%clk 00:33:15]} {[%emt 00:00:13]} 34. Kf1 {[%clk 00:01:40]}
{[%emt 00:00:21]} Qe8 {[%clk 00:33:28]} {[%emt 00:00:17]} 35. Qd6 {[%clk
00:01:00]} {[%emt 00:01:03]} Kg8 {[%clk 00:32:13]} {[%emt 00:01:52]} 36. Qc7
{[%clk 00:01:03]} {[%emt 00:00:27]} Qe4 {[%clk 00:32:15]} {[%emt 00:00:28]} 0-1

[Event "DEM U10 2021"]
[Site "Willingen GER"]
[Date "2021.08.27"]
[Round "8"]
[White "Merenda, Lukas-Benedikt"]
[Black "Stichter, Constantin"]
[Result "0-1"]
[Termination "normal"]
[Board "6"]
[WhiteElo "1222"]
[BlackElo "1444"]
[WhiteClock "00:08:36"]
[BlackClock "00:10:49"]
[PlyCount "120"]
[WhiteFideId "34603336"]
[BlackFideId "34603140"]
[EventCountry "GER"]
[EventRounds "11"]
[EventType "swiss"]
[EventDate "2021.08.22"]

1. e4 {[%clk 01:15:59]} {[%emt 00:00:01]} e6 {[%clk 01:15:53]} {[%emt
00:00:08]} 2. d4 {[%clk 01:16:24]} {[%emt 00:00:05]} d5 {[%clk 01:16:20]}
{[%emt 00:00:02]} 3. e5 {[%clk 01:16:50]} {[%emt 00:00:04]} c5 {[%clk
01:16:46]} {[%emt 00:00:04]} 4. c3 {[%clk 01:17:17]} {[%emt 00:00:04]} Nc6
{[%clk 01:17:04]} {[%emt 00:00:11]} 5. Nf3 {[%clk 01:17:42]} {[%emt 00:00:04]}
Bd7 {[%clk 01:16:49]} {[%emt 00:00:46]} 6. a3 {[%clk 01:17:23]} {[%emt
00:00:49]} c4 {[%clk 01:14:52]} {[%emt 00:02:27]} 7. Be2 {[%clk 01:14:57]}
{[%emt 00:02:56]} Nge7 {[%clk 01:13:24]} {[%emt 00:01:58]} 8. O-O {[%clk
01:13:57]} {[%emt 00:01:29]} Nf5 {[%clk 01:10:42]} {[%emt 00:03:12]} 9. g3
{[%clk 01:10:21]} {[%emt 00:04:07]} Be7 {[%clk 01:10:31]} {[%emt 00:00:41]} 10.
Qe1 {[%clk 01:09:14]} {[%emt 00:01:37]} Na5 {[%clk 01:07:14]} {[%emt 00:03:48]}
11. Bd1 {[%clk 01:08:09]} {[%emt 00:01:34]} Bb5 {[%clk 01:06:24]} {[%emt
00:01:19]} 12. Nbd2 {[%clk 01:04:35]} {[%emt 00:04:05]} g5 {[%clk 01:05:55]}
{[%emt 00:00:59]} 13. a4 {[%clk 01:03:54]} {[%emt 00:01:11]} Bc6 {[%clk
01:03:49]} {[%emt 00:02:36]} 14. h3 {[%clk 00:58:44]} {[%emt 00:05:40]} b6
{[%clk 00:57:38]} {[%emt 00:06:41]} 15. b3 {[%clk 00:55:04]} {[%emt 00:04:10]}
cxb3 {[%clk 00:55:53]} {[%emt 00:02:15]} 16. Nxb3 {[%clk 00:53:44]} {[%emt
00:01:50]} Nc4 {[%clk 00:54:57]} {[%emt 00:01:25]} 17. Bc2 {[%clk 00:53:49]}
{[%emt 00:00:26]} Ng7 {[%clk 00:53:20]} {[%emt 00:02:07]} 18. Nh2 {[%clk
00:46:06]} {[%emt 00:08:12]} Qd7 {[%emt 00:04:49]} 19. Nd2 {[%clk 00:45:32]}
{[%emt 00:00:10]} a6 {[%clk 00:42:58]} {[%emt 00:07:29]} 20. f4 {[%clk
00:40:50]} {[%emt 00:05:11]} gxf4 {[%clk 00:40:58]} {[%emt 00:02:29]} 21. Nxc4
{[%clk 00:40:19]} {[%emt 00:01:01]} dxc4 {[%clk 00:41:04]} {[%emt 00:00:25]}
22. Rxf4 {[%clk 00:40:17]} {[%emt 00:00:31]} Nh5 {[%clk 00:31:57]} {[%emt
00:09:38]} 23. Rf1 {[%clk 00:38:37]} {[%emt 00:02:09]} Qd5 {[%clk 00:29:37]}
{[%emt 00:02:50]} 24. Nf3 {[%clk 00:34:15]} {[%emt 00:04:52]} O-O-O {[%clk
00:28:33]} {[%emt 00:01:35]} 25. g4 {[%clk 00:32:12]} {[%emt 00:02:32]} Ng7
{[%clk 00:28:19]} {[%emt 00:00:43]} 26. Bh6 {[%clk 00:29:02]} {[%emt 00:03:41]}
Rhg8 {[%clk 00:22:56]} {[%emt 00:05:51]} 27. Bxh7 {[%clk 00:26:50]} {[%emt
00:02:44]} Rh8 {[%clk 00:22:48]} {[%emt 00:00:38]} 28. Be4 {[%clk 00:24:19]}
{[%emt 00:03:07]} Qxe4 {[%clk 00:21:36]} {[%emt 00:01:36]} 29. Qxe4 {[%clk
00:24:03]} {[%emt 00:00:45]} Bxe4 {[%clk 00:21:53]} {[%emt 00:00:13]} 30. Bxg7
{[%clk 00:24:28]} {[%emt 00:00:05]} Rxh3 {[%clk 00:21:59]} {[%emt 00:00:25]}
31. Kg2 {[%clk 00:24:51]} {[%emt 00:00:07]} Rh7 {[%clk 00:21:27]} {[%emt
00:01:02]} 32. Bf6 {[%clk 00:24:47]} {[%emt 00:00:33]} Bxf6 {[%clk 00:21:41]}
{[%emt 00:00:17]} 33. exf6 {[%clk 00:25:06]} {[%emt 00:00:10]} Rh6 {[%clk
00:21:56]} {[%emt 00:00:15]} 34. Rae1 {[%clk 00:24:37]} {[%emt 00:00:59]} Bd5
{[%clk 00:19:29]} {[%emt 00:02:57]} 35. Kg1 {[%clk 00:21:10]} {[%emt 00:03:56]}
Bxf3 {[%clk 00:17:50]} {[%emt 00:02:11]} 36. Rxf3 {[%clk 00:21:32]} {[%emt
00:00:07]} Rg8 {[%clk 00:18:13]} {[%emt 00:00:07]} 37. Re4 {[%clk 00:21:25]}
{[%emt 00:00:37]} Rh4 {[%clk 00:18:32]} {[%emt 00:00:11]} 38. Rg3 {[%clk
00:21:11]} {[%emt 00:00:45]} Rh6 {[%clk 00:18:00]} {[%emt 00:01:02]} 39. Rf3
{[%clk 00:20:20]} {[%emt 00:01:20]} Rhg6 {[%clk 00:17:54]} {[%emt 00:00:37]}
40. Rff4 {[%clk 00:20:39]} {[%emt 00:00:10]} Rg5 {[%clk 00:18:12]} {[%emt
00:00:12]} 41. d5 {[%clk 00:19:01]} {[%emt 00:02:09]} exd5 {[%clk 00:12:21]}
{[%emt 00:06:21]} 42. Re7 {[%clk 00:18:38]} {[%emt 00:00:53]} Rxg4+ {[%clk
00:12:40]} {[%emt 00:00:11]} 43. Rxg4 {[%clk 00:19:01]} {[%emt 00:00:07]} Rxg4+
{[%clk 00:12:56]} {[%emt 00:00:14]} 44. Kh2 {[%clk 00:19:27]} {[%emt 00:00:04]}
d4 {[%clk 00:09:33]} {[%emt 00:03:53]} 45. Rxf7 {[%clk 00:14:50]} {[%emt
00:05:06]} dxc3 {[%clk 00:08:13]} {[%emt 00:01:50]} 46. Rf8+ {[%clk 00:10:42]}
{[%emt 00:04:37]} Kd7 {[%clk 00:08:02]} {[%emt 00:00:42]} 47. f7 {[%clk
00:05:08]} {[%emt 00:06:04]} Ke7 {[%clk 00:07:49]} {[%emt 00:00:44]} 48. Rd8
{[%clk 00:04:41]} {[%emt 00:00:56]} Kxf7 {[%clk 00:08:09]} {[%emt 00:00:11]}
49. Rd1 {[%clk 00:05:06]} {[%emt 00:00:04]} c2 {[%clk 00:07:39]} {[%emt
00:01:00]} 50. Rc1 {[%clk 00:05:26]} {[%emt 00:00:10]} c3 {[%clk 00:08:04]}
{[%emt 00:00:06]} 51. Rxc2 {[%clk 00:05:49]} {[%emt 00:00:07]} Rxa4 {[%clk
00:08:25]} {[%emt 00:00:08]} 52. Rxc3 {[%clk 00:06:13]} {[%emt 00:00:06]} b5
{[%clk 00:08:43]} {[%emt 00:00:12]} 53. Kg2 {[%clk 00:06:37]} {[%emt 00:00:03]}
Ke6 {[%clk 00:08:47]} {[%emt 00:00:30]} 54. Kf2 {[%clk 00:07:01]} {[%emt
00:00:05]} Kd5 {[%clk 00:09:12]} {[%emt 00:00:05]} 55. Ke2 {[%clk 00:07:26]}
{[%emt 00:00:06]} b4 {[%clk 00:09:17]} {[%emt 00:00:25]} 56. Rb3 {[%clk
00:07:27]} {[%emt 00:00:27]} Kc4 {[%clk 00:09:43]} {[%emt 00:00:06]} 57. Rb1
{[%clk 00:07:52]} {[%emt 00:00:05]} Ra2+ {[%clk 00:10:04]} {[%emt 00:00:08]}
58. Kd1 {[%clk 00:08:14]} {[%emt 00:00:05]} Rh2 {[%clk 00:10:12]} {[%emt
00:00:25]} 59. Kc1 {[%clk 00:08:36]} {[%emt 00:00:08]} Kc3 {[%clk 00:10:29]}
{[%emt 00:00:14]} 60. Kd1 {[%clk 00:08:36]} {[%emt 00:00:29]} Rh1+ {[%clk
00:10:49]} {[%emt 00:00:10]} 0-1